000 00644cam a2200229 4500
001 J91425
008 090401t1998 xxu||||| |||| 00| 0 eng d
035 _a(Sirsi) u85903
041 _aeng
050 _a333.3370942297
110 _aLambert Smith Hampton
_92865
245 _aSlough office. - First quarter report 1998 - December quarter report and annual review January 1999
260 _aSlough
_bLambert Smith Hampton
_c1998
300 _a4 pt. ; 30cm.
350 _a0
650 _aFLOORSPACE STATISTICS
650 _aOFFICES
650 _aSLOUGH
690 _aPROPERTY-COMMERCIAL PROPERTY
942 _n0
948 _c30/04/1998
999 _c97083
_d97083